[Event "Hannover-chA"]
[Site "Lehrte"]
[Date "2015.10.30"]
[Round "3"]
[White "Baghdasaryan, Ani"]
[Black "Brockmann, Marc"]
[Result "1/2-1/2"]
[WhiteElo "1549"]
[BlackElo "1458"]
[PlyCount "77"]
[EventDate "2015.10.29"]
[EventType "swiss"]
[EventRounds "7"]
[EventCountry "GER"]
[SourceTitle "EXT 2021"]
[Source "ChessBase"]
[SourceDate "2020.10.23"]
[SourceVersion "1"]
[SourceVersionDate "2020.10.23"]
[SourceQuality "1"]

1. c4 c6 2. d4 d5 3. Nc3 Nf6 4. Nf3 dxc4 5. e4 b5 6. Qc2 e6 7. Bg5 Be7 8. Bxf6 Bxf6 9. e5 Be7 10. Be2 Bb7 11. a4 a6 12. 0-0 Nd7 13. Nd2 Nb6 14. Rad1 Nd5 15. Nde4 Nf4 16. Bf3 Qc7 17. Qd2 Ng6 18. Be2 Rd8 19. f4 c5 20. Qe3 b4 21. Nd6+ Bxd6 22. exd6 Rxd6 23. dxc5 Rxd1 24. Nxd1 0-0 25. Bxc4 Ne7 26. Bd3 Rc8 27. Nf2 Qxc5 28. Qh3 g6 29. Kh1 h5 30. Qh4 Nf5 31. Bxf5 exf5 32. Nd3 Qc6 33. Qg3 Qc4 34. Re1 a5 35. Ne5 Qd5 36. Nxg6 Qxg2+ 37. Qxg2 Bxg2+ 38. Kxg2 fxg6 39. Re2 1/2-1/2

[Event "Hannover-chA"]
[Site "Lehrte"]
[Date "2015.10.29"]
[Round "1"]
[White "Baghdasaryan, Ani"]
[Black "Schiege, Erwin"]
[Result "1-0"]
[WhiteElo "1549"]
[BlackElo "1354"]
[PlyCount "55"]
[EventDate "2015.10.29"]
[EventType "swiss"]
[EventRounds "7"]
[EventCountry "GER"]
[SourceTitle "EXT 2021"]
[Source "ChessBase"]
[SourceDate "2020.10.23"]
[SourceVersion "1"]
[SourceVersionDate "2020.10.23"]
[SourceQuality "1"]

1. c4 g6 2. Nc3 Bg7 3. d4 c6 4. Bg5 Qb6 5. e3 Qxb2 6. Nge2 Qb6 7. g3 Bf6 8. Bxf6 Nxf6 9. Bg2 0-0 10. 0-0 Qd8 11. Nf4 d6 12. Nd3 Nbd7 13. g4 Nb6 14. g5 Nh5 15. Nb2 Rb8 16. Kh1 Bd7 17. Bf3 Ng7 18. h4 Qc8 19. Rg1 Nf5 20. h5 Be8 21. Bg4 e6 22. Ne4 Qd8 23. Nf6+ Kh8 24. e4 Ne7 25. hxg6 Nxg6 26. Bh3 Kg7 27. Qh5 Rh8 28. Qh6# 1-0

[Event "Niedersachsen-ch U16/18 Girls"]
[Site "Norderney"]
[Date "2014.04.16"]
[Round "7"]
[White "Nguyen, Thu Ha1111"]
[Black "Baghdasaryan, Ani"]
[Result "0-1"]
[WhiteElo "1284"]
[BlackElo "1436"]
[PlyCount "76"]
[EventDate "2014.04.??"]
[EventType "tourn"]
[EventRounds "9"]
[EventCountry "GER"]
[SourceTitle "EXT 2017"]
[Source "ChessBase"]
[SourceDate "2016.10.25"]
[SourceVersion "1"]
[SourceVersionDate "2016.10.25"]
[SourceQuality "1"]

1. d4 d5 2. Nf3 e6 3. c3 c5 4. Bf4 Nc6 5. Nbd2 Nf6 6. Bg5 Be7 7. e3 c4 8. b3 b5 9. a4 bxa4 10. Rxa4 Bd7 11. Ra1 cxb3 12. Qxb3 Rb8 13. Qc2 Qc7 14. Bd3 h6 15. Bf4 Bd6 16. Bxd6 Qxd6 17. 0-0 0-0 18. e4 dxe4 19. Nxe4 Nxe4 20. Bxe4 Qc7 21. Rfe1 Rfc8 22. Qd2 Na5 23. Qa2 Nb7 24. Rec1 Ra8 25. Ne5 a5 26. Rcb1 Ra7 27. Bxb7 Rxb7 28. Rxb7 Qxb7 29. Nxd7 Qxd7 30. Qxa5 Qc6 31. Rc1 Qd6 32. Qa7 Qb4 33. Qa1 Qb3 34. h3 Qc4 35. Qa5 Qd3 36. g3 Qd2 37. Qa3 Kh7 38. Qb3 Qxc1+ 0-1

[Event "Niedersachsen-ch U16/18 Girls"]
[Site "Norderney"]
[Date "2014.04.12"]
[Round "2"]
[White "Malcharczyk, Lea"]
[Black "Baghdasaryan, Ani"]
[Result "0-1"]
[WhiteElo "809"]
[BlackElo "1436"]
[PlyCount "78"]
[EventDate "2014.04.??"]
[EventType "tourn"]
[EventRounds "9"]
[EventCountry "GER"]
[SourceTitle "EXT 2017"]
[Source "ChessBase"]
[SourceDate "2016.10.25"]
[SourceVersion "1"]
[SourceVersionDate "2016.10.25"]
[SourceQuality "1"]

1. e4 c5 2. c4 Nc6 3. Nc3 g6 4. g3 Bg7 5. Bg2 Nf6 6. d3 0-0 7. Nge2 d6 8. h3 a6 9. 0-0 Rb8 10. Rb1 b5 11. b3 Nd7 12. Bb2 Nd4 13. Nf4 e6 14. Re1 Ne5 15. Kh2 Bb7 16. cxb5 axb5 17. a3 Qa5 18. Rc1 b4 19. Nb1 Ndf3+ 20. Bxf3 Nxf3+ 21. Qxf3 Bxb2 22. axb4 Qxb4 23. Rcd1 Qxb3 24. Nd2 Qa4 25. Nc4 Bc3 26. Rf1 Qd7 27. Nb6 Qc6 28. Nc4 d5 29. Ne3 dxe4 30. Qxe4 Qxe4 31. dxe4 Bxe4 32. Ne2 Bb4 33. f3 Bc6 34. Nf4 Ba4 35. Rb1 Rfc8 36. g4 c4 37. Rbc1 Bd2 38. Rb1 Bxe3 39. Rxb8 Bxf4+ 0-1

[Event "Hannover-chB"]
[Site "Lehrte"]
[Date "2013.10.19"]
[Round "5"]
[White "Moseler, Thomas"]
[Black "Baghdasaryan, Ani"]
[Result "1-0"]
[WhiteElo "1651"]
[BlackElo "1432"]
[PlyCount "81"]
[EventDate "2013.10.17"]
[EventType "swiss"]
[EventRounds "7"]
[EventCountry "GER"]
[SourceTitle "EXT 2021"]
[Source "ChessBase"]
[SourceDate "2020.10.23"]
[SourceVersion "1"]
[SourceVersionDate "2020.10.23"]
[SourceQuality "1"]

1. e4 c5 2. c3 Nf6 3. e5 Nd5 4. d4 Nc6 5. Bc4 Nb6 6. Be2 cxd4 7. cxd4 d5 8. Nf3 e6 9. a3 a5 10. Qc2 Bd7 11. Bd3 Rc8 12. Nc3 h6 13. Qd2 Be7 14. Qf4 Bg5 15. Qg3 f5 16. Nxg5 hxg5 17. Bxg5 Qc7 18. Nb5 Qb8 19. Nd6+ Kf8 20. Nxc8 Qxc8 21. h4 Nxd4 22. Rc1 Qe8 23. Be3 Nb3 24. Rc3 d4 25. Rxb3 dxe3 26. Rxb6 exf2+ 27. Qxf2 Bc6 28. Qc5+ Qe7 29. Qxe7+ Kxe7 30. Rh2 g5 31. h5 Bd5 32. Kf2 Kd7 33. h6 Kc7 34. Rd6 g4 35. h7 f4 36. g3 f3 37. Rh6 b6 38. Rg6 Rxh7 39. Bb5 Rh2+ 40. Kg1 Rg2+ 41. Kf1 1-0

[Event "Hannover-ch U16/18"]
[Site "Lehrte"]
[Date "2011.10.17"]
[Round "6"]
[White "Baghdasaryan, Ani"]
[Black "Brauer, Jan"]
[Result "0-1"]
[WhiteElo "1441"]
[BlackElo "1134"]
[PlyCount "106"]
[EventDate "2011.10.15"]
[EventType "swiss"]
[EventRounds "7"]
[EventCountry "GER"]
[SourceTitle "EXT 2021"]
[Source "ChessBase"]
[SourceDate "2020.10.23"]
[SourceVersion "1"]
[SourceVersionDate "2020.10.23"]
[SourceQuality "1"]

1. c4 c5 2. d3 e5 3. g3 f5 4. Bg2 d6 5. e3 Nf6 6. Ne2 Qc7 7. Nbc3 Be6 8. Bd5 Nxd5 9. Nxd5 Qf7 10. e4 fxe4 11. dxe4 Bg4 12. Rf1 Bf3 13. Qd3 Nc6 14. Bd2 Bxe2 15. Qxe2 Nd4 16. Qd3 Nf3+ 17. Kd1 Nxh2 18. Rh1 Ng4 19. Rf1 Nxf2+ 20. Rxf2 Qxf2 21. Nc7+ Kd7 22. Nxa8 Be7 23. Qb3 Qg1+ 24. Be1 Qd4+ 25. Bd2 Qxe4 26. Qa4+ Qc6 27. Qxa7 Bd8 28. Ba5 Qa4+ 29. Ke2 Qxa5 30. Qxb7+ Bc7 31. Nxc7 Qxc7 32. Qxc7+ Kxc7 33. a4 Rb8 34. Ra2 Rb4 35. a5 Kb7 36. Kd3 Rb3+ 37. Ke4 Rxg3 38. a6+ Ka7 39. Kd5 Rd3+ 40. Ke6 e4 41. b3 g5 42. Kf5 e3 43. Kxg5 Rd2 44. Ra1 e2 45. Re1 Kxa6 46. Kf4 Ka5 47. Ke3 Ra2 48. Ke4 Kb4 49. Kd3 Kxb3 50. Rb1+ Rb2 51. Re1 h5 52. Rxe2 Rxe2 53. Kxe2 Kxc4 0-1